000 00962nam a2200277 i 4500
001 12145
003 ES-MaACL
005 20230906150241.0
007 t|
008 970418s1987 sp |||| | spa d
020 _a84-7057-416-7
080 _a82-3.08
100 1 _aRicoeur, Paul.
_997042
245 1 0 _aTiempo y narración /
_cPaul Ricoeur ; [lo tradujo al español Agustín Neira].
260 _aMadrid :
_bCristiandad,
_c1987.
300 _a2 v. ;
_c21 cm.
490 1 _aLibros de Europa
505 8 _aContiene: I ;
_tConfiguración del tiempo en el relato histórico - II ;
_tConfiguración del tiempo en el relato de ficción
596 _aVol. III: Experiencia del tiempo en la narración, no publicado.
650 4 _aNarración (Retórica)
_9166802
650 1 4 _aTiempo-
_xEn la literatura.
_9169348
700 1 _aNeira, Agustín.
_985339
830 0 _aLibros de Europa
_9228254
852 _aES-MaACL
_jL-19498-99
999 _c12145
_d12145